000 01142nam a2200361 b 4500
001 0221
003 DO-SdBNP
005 20170914130205.0
007 0221
008 980728s2010 sp | ||| ||spa
016 7 _a
_2BPMSU
017 _a
_b
020 _a9788478410774
035 _a
040 _aBPMSU
_bspa
_cBPMSU
_e
041 1 _aspa
_h
080 0 _a
082 4 _aR370.15
_bE56p
130 0 0 _aPracticing educational psichology
_lEspañol
240 0 0 _aPracticing educational psychology
245 0 0 _aEnciclopedia de la psicopedagogía ;
_h
_bpedagogía y psicología /
_cedición Ramón Sort ; maqueta e ilustración Esther Amigó.
260 0 _aBarcelona:
_bOcéano/Centrum,
_c2011
300 _a948 p.
_bil.
_c26 cm
650 4 _aPSICOPEDAGOGÍA
_vDICCIONARIOS Y ENCICLOPEDIAS
650 4 _aPEDAGOGÍA
_vDICCIONARIOS Y ENCICLOPEDIAS
650 4 _aPSICOLOGÍA
_vDICCIONARIOS Y ENCICLOPEDIAS
700 1 2 _aSort, Ramón
_4
700 1 2 _aAmigó, Esther
910 _aValidado. Control de calidad MFF
942 _2ddc
_cBK
945 _aInventariado / 2017 VM
956 _aVMATEO
_810
_b20160621
_cBPMSU
_d0069
999 _c10453
_d10453